La philosophie mystique en France a la fin du XVIII\pe\s siècle (Record no. 54530)

MARC details
000 -LEADER
campo de control de longitud fija 00664nam a22001815i 4500
001 - NÚMERO DE CONTROL
campo de control 54530
003 - IDENTIFICADOR DE NÚMERO DE CONTROL
campo de control ES-MaACL
005 - FECHA Y HORA DE LA ÚLTIMA TRANSACCIÓN
campo de control 20230906162954.0
007 - CAMPO FIJO DE DESCRIPCIÓN FÍSICA--INFORMACIÓN GENERAL
campo de control de longitud fija t|
008 - DATOS DE LONGITUD FIJA--INFORMACIÓN GENERAL
campo de control de longitud fija 960806s1866 fr ||||1| fre d
040 ## - FUENTE DE CATALOGACIÓN
Centro catalogador/agencia de origen CLM
Lengua de catalogación spa
Centro/agencia transcriptor CCPB | SIC
100 1# - ENTRADA PRINCIPAL--NOMBRE DE PERSONA
Nombre de persona Franck, Adolphe.
9 (RLIN) 52203
245 13 - MENCIÓN DEL TÍTULO
Título La philosophie mystique en France a la fin du XVIII\pe\s siècle
Resto del título : Saint-Martin et son maitre Martinez Pasqualis /
Mención de responsabilidad, etc. par Ad. Franck.
260 ## - PUBLICACIÓN, DISTRIBUCIÓN, ETC.
Lugar de publicación, distribución, etc. Paris :
Nombre del editor, distribuidor, etc. Germer Baillière,
Fecha de publicación, distribución, etc. 1866 (
Fabricante Imprimerie de E. Martinet)
300 ## - DESCRIPCIÓN FÍSICA
Extensión 228, 8 p. ;
Dimensiones 19 cm.
505 8# - NOTA DE CONTENIDO CON FORMATO
Nota de contenido con formato Al fin., con pag. propia, catálogo de obras publicadas por G. Baillière
852 ## - LOCALIZACIÓN
Ubicación ES-MaACL
Número de control de estantería F-12194
Holdings
Estatus retirado Estado de pérdida Estado de daño No para préstamo Colección Biblioteca de origen Biblioteca actual Ubicación en estantería Fecha de adquisición Fuente de adquisición Total de préstamos Signatura topográfica completa Código de barras Visto por última vez Precio de reemplazo Tipo de ítem Koha
        Libros del s. XIX Biblioteca del Ateneo de Madrid Biblioteca del Ateneo de Madrid Sala Pecera Planta 2 17/01/2008     F-12194 1057302 23/02/2023 23/02/2023 Libro impreso antiguo